Irańska imigracja według państw - Statystyki

Ogólne statystyki
  • Ten quiz został rozwiązany 112 razy
  • Średni wynik to 14 z 20
Statystyki odpowiedzi
Ludzie Państwo % Poprawnych
81 481 Irak
97%
27 061 Pakistan
96%
5 477 Turcja
96%
2 327 332 Afganistan
95%
1 400 Indie
93%
2 700 Rosja
91%
2 410 Chiny
88%
2 720 Syria
87%
720 Jemen
79%
11 442 Azerbejdżan
75%
2 560 Liban
73%
816 Turkmenistan
71%
2 358 Armenia
67%
464 Uzbekistan
67%
770 Bangladesz
63%
1 040 Libia
56%
560 Katar
51%
450 Algieria
41%
2 704 Palestyna
25%
510 Etiopia
22%
Nie znaleziono quizów pasujących do podanych kryteriów
Rozkład punktacji
Procent ludzi z każdym wynikiem
Percentyl według liczby udzielonych odpowiedzi
Twoja historia wyników
Nie rozwiązałeś tego quizu